000
00310nam a22001337a 4500
008
181122b xxu||||| |||| 00| 0 eng d
020
_a
0534128211
041
_a
eng
080
_a
370
100
_a
47
101
_a
EDU
245
_a
Reading And Learning Across The Disciplines
_c
Mary.j
942
_2
udc
_c
BK
999
_c
52316
_d
52316